| 000 | 00654pam a2200229 a 4500 | ||
|---|---|---|---|
| 001 | 2804776 | ||
| 005 | 20180104083607.0 | ||
| 008 | 820305s1982 njua b 001 0 eng | ||
| 010 | _a 82004207 | ||
| 020 |
_a0934540152 : _c$15.00 |
||
| 020 |
_a0934540144 (pbk.) : _c$8.95 |
||
| 040 |
_aDLC _cDLC _dDLC |
||
| 041 | _aeng | ||
| 080 | _a353..073 EMA | ||
| 082 | 0 | 0 |
_a353..073 EMA _219 |
| 100 | 1 | _a18 | |
| 101 | _aPOL | ||
| 245 | 1 | 0 |
_aPrivatizing the public sector : _cE.S. Savas. |
| 504 | _aIncludes bibliographical references and index. | ||
| 906 |
_a7 _bcbc _corignew _d1 _eocip _f19 _gy-gencatlg |
||
| 942 |
_2ddc _cBK |
||
| 999 |
_c39764 _d39764 |
||